Diner Slang Match-Up Quiz Stats

Quiz Updated Aug 27, 2015

Also try: Diners in Movies
Challenge
Share
Tweet
Score 0/30 Timer 08:00
0 Plays Today
% Correct
Cup of Mud
91.5%
Bird
87.1%
Rabbit Food
86.9%
Stack of Vermont
83.7%
Yellow Paint
83.6%
Mother and Child Reunion
82.5%
Chicks on a Raft
81.2%
Sea Dust
80.4%
Cops and Robbers
79.5%
Make it Cry
79.3%
Jewish Round
77.1%
Frog Sticks
75.6%
Axle Grease
71.2%
Nervous Pudding
69.9%
Bloodhounds in the Hay
69.1%
% Correct
Noah's Boy on Bread
69%
Love Apples
65.8%
Checkerboard
63.9%
Hemorrhage
63.9%
On the Hoof
63.8%
Wreck 'em
62.2%
Splash of Red Noise
61.8%
Battle Creek in a Bowl
60.5%
Bossy in a Bowl
59.5%
Foreign Entanglements
56.8%
Drown the Kids
51.6%
Atlanta Special
47%
Wax
43.1%
Murphy
32.4%
Whiskey
28.4%

You're not logged in!

Compare scores with friends on all Sporcle quizzes.
Sign Up with Email
OR
Log In

You Might Also Like...

Show Comments

Extras

Top Quizzes Today


Score Distribution

Your Account Isn't Verified!

In order to create a playlist on Sporcle, you need to verify the email address you used during registration. Go to your Sporcle Settings to finish the process.